MARC details
| 000 -LEADER |
| fixed length control field |
02654cam a22003978i 4500 |
| 001 - CONTROL NUMBER |
| control field |
20843874 |
| 003 - CONTROL NUMBER IDENTIFIER |
| control field |
OSt |
| 005 - DATE AND TIME OF LATEST TRANSACTION |
| control field |
20240513110508.0 |
| 008 - FIXED-LENGTH DATA ELEMENTS--GENERAL INFORMATION |
| fixed length control field |
190206s2019 nyu b 001 0 eng c |
| 010 ## - LIBRARY OF CONGRESS CONTROL NUMBER |
| LC control number |
2019005630 |
| 020 ## - INTERNATIONAL STANDARD BOOK NUMBER |
| International Standard Book Number |
9781108492102 (hardback : alk. paper) |
| 020 ## - INTERNATIONAL STANDARD BOOK NUMBER |
| International Standard Book Number |
9781108710350 (pbk. : alk. paper) |
| 040 ## - CATALOGING SOURCE |
| Original cataloging agency |
IEN/DLC |
| Language of cataloging |
eng |
| Description conventions |
rda |
| Transcribing agency |
IEN |
| 042 ## - AUTHENTICATION CODE |
| Authentication code |
pcc |
| 043 ## - GEOGRAPHIC AREA CODE |
| Geographic area code |
f------ |
| 050 00 - LIBRARY OF CONGRESS CALL NUMBER |
| Classification number |
JQ1877 |
| Item number |
.O63 2019 |
| 082 04 - DEWEY DECIMAL CLASSIFICATION NUMBER |
| Classification number |
328.6 |
| Edition number |
23 |
| Item number |
OPA |
| 100 1# - MAIN ENTRY--PERSONAL NAME |
| Personal name |
Opalo, Ken Ochieng', |
| Dates associated with a name |
1983- |
| Relator term |
author. |
| 245 10 - TITLE STATEMENT |
| Title |
Legislative development in Africa : |
| Remainder of title |
politics and post-colonial legacies / |
| Statement of responsibility, etc. |
Ken Ochieng' Opalo. |
| 263 ## - PROJECTED PUBLICATION DATE |
| Projected publication date |
1907 |
| 264 #1 - PRODUCTION, PUBLICATION, DISTRIBUTION, MANUFACTURE, AND COPYRIGHT NOTICE |
| Place of production, publication, distribution, manufacture |
New York, NY : |
| Name of producer, publisher, distributor, manufacturer |
Cambridge University Press, |
| Date of production, publication, distribution, manufacture, or copyright notice |
2019. |
| 300 ## - PHYSICAL DESCRIPTION |
| Extent |
pages cm |
| 336 ## - CONTENT TYPE |
| Content type term |
text |
| Source |
rdacontent |
| 337 ## - MEDIA TYPE |
| Media type term |
unmediated |
| Source |
rdamedia |
| 338 ## - CARRIER TYPE |
| Carrier type term |
volume |
| Source |
rdacarrier |
| 500 ## - GENERAL NOTE |
| General note |
Originally presented as the author's thesis (doctoral)--Stanford University, 2015. |
| 504 ## - BIBLIOGRAPHY, ETC. NOTE |
| Bibliography, etc |
Includes bibliographical references and index. |
| 505 0# - FORMATTED CONTENTS NOTE |
| Formatted contents note |
Introduction -- Legislative development in Africa -- Intra-elite politics and credible commitment -- Colonial origins of parliaments in Kenya and Aambia -- Elite control and legislative development -- Legislative institutionalization in time -- Electoral politics and legislative independence -- Conclusion. |
| 520 ## - SUMMARY, ETC. |
| Summary, etc. |
"What explains contemporary variations in African legislative institutions -- including their strengths and weaknesses? Compared with more power executive branches, legislatures throughout the continent have historically been classified as weak and almost inconsequential to policy-making processes. But as Ken Ochieng' Opalo suggests here, African legislatures actually serve important roles, and under certain conditions, powerful and independent democratic legislatures emerge from their autocratic foundations. In this book, Opalo examines the colonial origins of African legislatures, as well as how post-colonial intra-elite politics sought to adapt inherited colonial legislatures to their respective local political contexts. By focusing on the case studies of Kenya and Zambia, Opalo offers a comparative longitudinal study of legislative strength and institutionalization as well as a regional survey of legislative development under colonial rule, post-colonial autocratic single party rule, and multiparty politics throughout Africa"--Provided by publisher. |
| 650 #0 - SUBJECT ADDED ENTRY--TOPICAL TERM |
| Topical term or geographic name as entry element |
Legislative bodies |
| Geographic subdivision |
Africa |
| General subdivision |
History. |
| 650 #0 - SUBJECT ADDED ENTRY--TOPICAL TERM |
| Topical term or geographic name as entry element |
Legislative power |
| Geographic subdivision |
Africa. |
| 651 #0 - SUBJECT ADDED ENTRY--GEOGRAPHIC NAME |
| Geographic name |
Africa |
| General subdivision |
Politics and government. |
| 906 ## - LOCAL DATA ELEMENT F, LDF (RLIN) |
| a |
7 |
| b |
cbc |
| c |
orignew |
| d |
1 |
| e |
ecip |
| f |
20 |
| g |
y-gencatlg |
| 942 ## - ADDED ENTRY ELEMENTS (KOHA) |
| Source of classification or shelving scheme |
Dewey Decimal Classification |
| Koha item type |
Books |